00227nam a2200097Ia 4500008004100000041000800041082001500049100001900064245003700083260000900120240625s9999 xx 000 0 und d aeng a332.63 PRI aPRING MARTIN J aMARTIN J PRING ON PRICE PATTERNS c2007